History Quiz

Random History or Art Quiz

Presidential Caricatures Quiz Stats

 Plays Quiz Updated Dec 20, 2015

Score 0/20 Timer 06:00
0 Plays Today
% Correct
Abraham Lincoln
99.8%
Bill Clinton
98.8%
John F. Kennedy
98.5%
Richard Nixon
97.2%
Ronald Reagan
96.9%
Barack Obama
96.2%
George Washington
91.1%
Franklin D. Roosevelt
81.5%
Dwight D. Eisenhower
80.6%
John Adams
80.3%
% Correct
Thomas Jefferson
79.2%
Ulysses S. Grant
78.4%
William Howard Taft
78.2%
Harry Truman
76.2%
Andrew Jackson
73.1%
James Madison
66%
Grover Cleveland
56.8%
William Henry Harrison
47.2%
James Buchanan
40%
Millard Fillmore
34.2%

You're not logged in!

Compare scores with friends on all Sporcle quizzes.
Join for Free
OR
Log In

You Might Also Like...

Show Comments

Extras

Top Quizzes Today


Score Distribution

Your Account Isn't Verified!

In order to create a playlist on Sporcle, you need to verify the email address you used during registration. Go to your Sporcle Settings to finish the process.

Report this User

Report this user for behavior that violates our Community Guidelines.

Details: